Statistics for Analogies of Countries #2

Click here to take the quiz!

General Stats

  • This quiz has been taken 18,587 times
  • The average score is 14 of 22

Answer Stats

HintAnswer% Correct
Y is to YemenO is to {Oman}
92%
Lion is to England{Bald} {Eagle} is to
United States
89%
Brittany is to FranceYucatan is to {Mexico}
82%
Panama is to Costa RicaHonduras is to {Nicaragua}
79%
Österreich is to Austria{Deutschland} is to Germany
77%
East Timor is to IndonesiaEritrea is to {Ethiopia}
76%
Easter Island
is to Chile
Galapagos Islands
are to {Ecuador}
75%
Antananarivo is to
Madagascar
{Lisbon} is to Portugal
75%
Hong Kong is to
United Kingdom
Macau is to {Portugal}
74%
København is to DenmarkWien is to {Austria}
73%
Qatar is to Saudi ArabiaBrunei is to {Malaysia}
71%
Formosa is to TaiwanCeylon is to {Sri} {Lanka}
71%
Rand is to South Africa{Yen} is to Japan
64%
Goulash is to HungaryPoutine is to {Canada}
62%
Tagalog is to PhilippinesSinhala is to {Sri} {Lanka}
61%
Pan's Labyrinth is to SpainMad Max is to {Australia}
52%
oorcomc is to Morocconhtdaali is to {Thailand}
51%
George Washington
is to United States
Toussaint Louverture
is to {Haiti}
51%
.nl is to Netherlands.ch is to {Switzerland}
49%
Diet is to JapanDuma is to {Russia}
48%
Freedom Tower is to
United States
{The} {Shard} is to
United Kingdom
35%
Aoraki is to New Zealand{Denali} is to United States
24%

Score Distribution

Percentile by Number Answered

Percent of People with Each Score

Your Score History

You have not taken this quiz